Statistics for Word Scramble - 1M Cities Not in Asia

Click here to take the quiz!

General Stats

  • This quiz has been taken 258 times
  • The average score is 11 of 20

Answer Stats

ContinentCity% Correct
AfricaAba
100%
OceaniaBrisbane
100%
EuropeBrussels
100%
AfricaCairo
100%
AmericasCali
100%
AmericasCaracas
100%
AfricaDakar
100%
EuropeDublin
100%
AfricaFez
100%
AmericasHouston
100%
EuropeLeeds
100%
EuropeLyon
100%
EuropeMadrid
100%
AmericasManagua
100%
AfricaMogadishu
100%
EuropeOslo
100%
AmericasOttawa
100%
EuropeParis
100%
EuropePerm
100%
EuropePrague
100%
EuropeRome
100%
AmericasSeattle
100%
AfricaTunis
91%
EuropeWarsaw
91%
AmericasQuito
90%
AfricaNairobi
89%
AmericasHavana
88%
AmericasMonterrey
88%
EuropeCologne
86%
AmericasFuji
86%
AfricaHarare
86%
EuropeUfa
86%
AfricaCasablanca
83%
EuropeHelsinki
83%
AfricaKigali
83%
EuropeLondon
83%
OceaniaSydney
83%
EuropeZurich
82%
AfricaAbidjan
80%
AmericasLeon
80%
EuropeMinsk
80%
AmericasTampa
80%
EuropeMilan
78%
AmericasToronto
78%
AfricaAccra
75%
AmericasBoston
75%
EuropeKiev
75%
EuropeLisbon
75%
AfricaLome
75%
AfricaLuanda
75%
AmericasMiami
75%
EuropePorto
75%
EuropeVolgograd
75%
EuropeTurin
73%
AmericasBogota
71%
AmericasBuffalo
71%
EuropeFrankfurt
71%
AmericasGuatemala
71%
EuropeSofia
71%
EuropeStockholm
71%
AmericasMilwaukee
70%
AfricaBangui
67%
AmericasCalgary
67%
AfricaConakry
67%
AmericasDetroit
67%
AfricaLilongwe
67%
EuropeLiverpool
67%
AfricaLusaka
67%
EuropeMoscow
67%
EuropeMunich
67%
OceaniaPerth
67%
EuropeVienna
67%
AmericasChicago
64%
AfricaBamako
63%
EuropeBelgrade
63%
AfricaKhartoum
63%
AmericasMontevideo
63%
AmericasNatal
63%
OceaniaAdelaide
60%
AfricaAlgiers
60%
OceaniaAuckland
60%
EuropeBirmingham
60%
EuropeBucharest
60%
EuropeGlasgow
60%
EuropeKazan
60%
OceaniaMelbourne
60%
AfricaOran
60%
AmericasPortland
60%
AfricaRabat
60%
EuropeRostov
60%
AfricaYaounde
60%
EuropeAmsterdam
57%
AmericasColumbus
57%
AmericasDallas
57%
AfricaKampala
57%
AfricaLagos
57%
AmericasLima
57%
AfricaMombasa
57%
AmericasAtlanta
56%
EuropeBudapest
56%
AfricaKano
56%
AmericasMemphis
53%
AfricaAbuja
50%
AfricaAlexandria
50%
AmericasAustin
50%
EuropeBarcelona
50%
AmericasBelem
50%
EuropeBerlin
50%
AmericasBrasilia
50%
AfricaDurban
50%
AmericasHonolulu
50%
EuropeLille
50%
AfricaMaputo
50%
AfricaMonrovia
50%
AfricaNouakchott
50%
AmericasOrlando
50%
AmericasPhoenix
50%
AmericasPittsburgh
50%
AmericasSantiago
50%
AmericasTijuana
50%
EuropeMalaga
44%
EuropeMarseille
44%
AfricaDouala
43%
EuropeHamburg
43%
AmericasHarrisburg
43%
AmericasAsuncion
40%
AmericasDenver
40%
AmericasEdmonton
40%
AfricaKinshasa
40%
AfricaNiamey
40%
EuropeSamara
40%
EuropeSeville
40%
EuropeSheffield
40%
EuropeBordeaux
38%
AmericasGuayaquil
38%
AmericasVancouver
38%
AmericasRaleigh
36%
AmericasCuritiba
33%
EuropeKharkiv
33%
AmericasManaus
33%
AfricaMarrakesh
33%
AmericasRecife
33%
AmericasStockton
33%
AmericasMontréal
30%
EuropeNaples
30%
EuropeRotterdam
30%
AmericasSalvador
30%
AmericasCartagena
29%
AmericasFortaleza
29%
AmericasPuebla
29%
EuropeHannover
27%
AmericasHartford
27%
AmericasCordoba
25%
AmericasGoiania
25%
AfricaKumasi
25%
EuropeManchester
25%
AmericasMaracaibo
25%
AmericasMedellin
25%
EuropeNewcastle
25%
AmericasRosario
25%
AmericasSantos
25%
AfricaSousse
25%
AmericasCuernavaca
22%
AmericasCincinnati
20%
AfricaCotonou
20%
EuropeDonetsk
20%
AmericasLouisville
20%
EuropeMannheim
20%
AmericasMcAllen
20%
AmericasMendoza
20%
AmericasMexicali
20%
EuropeNurnberg
20%
EuropeOdessa
20%
EuropeVoronezh
20%
AfricaFreetown
17%
AfricaOnitsha
17%
AmericasRichmond
17%
AfricaAgadir
14%
AmericasGreensboro
14%
AfricaLubumbashi
14%
AmericasMaracay
14%
EuropeSaratov
14%
AmericasCharlotte
13%
EuropeKobenhavn
13%
AmericasVitoria
11%
AmericasTeresina
10%
EuropeAntwerpen
0%
EuropeAthens
0%
AmericasCampinas
0%
AmericasCleveland
0%
AmericasCochabamba
0%
AfricaIbadan
0%
AfricaKaduna
0%
EuropeKatowice
0%
AmericasMaceio
0%
AfricaMaiduguri
0%
AmericasMerida
0%
AmericasNashville
0%
EuropeNottingham
0%
AmericasQueretaro
0%
AmericasSacramento
0%
EuropeStuttgart
0%
AmericasToluca
0%
AmericasTorreon
0%
AmericasValparaiso
0%

Score Distribution

Percentile by Number Answered

Percent of People with Each Score

Your Score History

You have not taken this quiz